Real estate rules : (Record no. 43753)

MARC details
001 - CONTROL NUMBER
control field 23995779
003 - CONTROL NUMBER IDENTIFIER
control field 000
005 - DATE AND TIME OF LATEST TRANSACTION
control field 20251014135849.0
008 - FIXED-LENGTH DATA ELEMENTS--GENERAL INFORMATION
fixed length control field 250110s2025 nju 001 0 eng c
010 ## - LIBRARY OF CONGRESS CONTROL NUMBER
LC control number 2025000011
020 ## - INTERNATIONAL STANDARD BOOK NUMBER
International Standard Book Number 9781394324859
035 ## - SYSTEM CONTROL NUMBER
System control number 23995779
040 ## - CATALOGING SOURCE
Original cataloging agency WaSeSS/DLC
Language of cataloging eng
Description conventions rda
Transcribing agency DLC
Modifying agency DLC
042 ## - AUTHENTICATION CODE
Authentication code pcc
043 ## - GEOGRAPHIC AREA CODE
Geographic area code e------
050 00 - LIBRARY OF CONGRESS CALL NUMBER
Classification number HD 1382.5 .M43
082 00 - DEWEY DECIMAL CLASSIFICATION NUMBER
Classification number 332.7/2094
Edition number 23/eng/20250317
100 1# - MAIN ENTRY--PERSONAL NAME
Personal name Meijer, Harm,
Relator term author.
245 10 - TITLE STATEMENT
Title Real estate rules :
Remainder of title the investor's guide to picking winners and avoiding losers in listed property /
Statement of responsibility, etc Harm Meijer.
263 ## - PROJECTED PUBLICATION DATE
Projected publication date 2504
264 #1 - PUBLICATION, DISTRIBUTION, ETC. (IMPRINT)
Place of publication, distribution, etc Hoboken, NJ :
Name of publisher, distributor, etc Wiley,
Date of publication, distribution, etc 2025.
300 ## - PHYSICAL DESCRIPTION
Extent xx, 233p. ill.
336 ## - CONTENT TYPE
Content type term text
Content type code txt
Source rdacontent
337 ## - MEDIA TYPE
Media type term unmediated
Media type code n
Source rdamedia
338 ## - CARRIER TYPE
Carrier type term volume
Carrier type code nc
Source rdacarrier
500 ## - GENERAL NOTE
General note Includes index.
520 ## - SUMMARY, ETC.
Summary, etc "It is the classic mistake: buying real estate solely because the yield - rent as a percentage of the property value - is high. Of course, one can get lucky, for instance with a distressed seller, but more often it is a sign of a 'dressed-up' asset with poor rental income prospects. As Michiel te Paske, former fund manager of Morgan Stanley, says: 'You can't polish a turd'. But it is remarkable how many investors fall into this trap time and again. Particularly, private investors and smaller pension funds have been victims of buying assets for the yield, only to end up with declining rental income and almost worthless vacant buildings. The property might offer a high yield, but it is about the total return (yield plus valuation growth). In my experience, the high yield is often not high enough to compensate for the risk. In fact, there is often an inverse relationship between yield and total return: lower-yielding."--
Assigning source Provided by publisher.
650 #0 - SUBJECT ADDED ENTRY--TOPICAL TERM
Topical term or geographic name as entry element Real estate investment
Geographic subdivision Europe.
650 #0 - SUBJECT ADDED ENTRY--TOPICAL TERM
Topical term or geographic name as entry element Real estate investment trusts
Geographic subdivision Europe.
776 08 - ADDITIONAL PHYSICAL FORM ENTRY
Relationship information Online version:
Main entry heading Meijer, Harm.
Title Real estate rules
Place, publisher, and date of publication Hoboken, NJ : Wiley, 2025
International Standard Book Number 9781394324873
Record control number (DLC) 2025000012
906 ## - LOCAL DATA ELEMENT F, LDF (RLIN)
a 7
b cbc
c orignew
d 1
e ecip
f 20
g y-gencatlg
942 ## - ADDED ENTRY ELEMENTS (KOHA)
Source of classification or shelving scheme Library of Congress Classification
Koha item type Books
Holdings
Withdrawn status Lost status Source of classification or shelving scheme Damaged status Not for loan Permanent Location Current Location Date acquired Total Checkouts Full call number Barcode Date last seen Price effective from Koha item type
    Library of Congress Classification     NILE UNIVERSITY OF NIGERIA - MAIN LIBRARY NILE UNIVERSITY OF NIGERIA - MAIN LIBRARY 10/14/2025   HD 1382.5 .M43 2025 0199301 10/14/2025 10/14/2025 Books
    Library of Congress Classification     NILE UNIVERSITY OF NIGERIA - MAIN LIBRARY NILE UNIVERSITY OF NIGERIA - MAIN LIBRARY 10/14/2025   HD 1382.5 .M43 2025 0199302 10/14/2025 10/14/2025 Books